Japanese journal of astronomy and geophysics.

Saved in:
Bibliographic Details
Corporate Author: Gakujutsu Kenkyu-Kai
Format: Serial
Language:English
Published: Tokyo : National Research Council of Japan, 1922-.
Subjects:
LEADER 01278nas a22003011a 4500
001 c000154844
003 CARM
005 20140519154535.0
008 770311d19221941ja fr 0 0eng d
019 1 |a 889156  |z 5252207  |z 52367805  |5 LACONCORD2021 
035 |a (OCoLC)1754209  |5 LACONCORD2021 
040 |a QU  |b eng  |c QU  |d QU 
082 0 4 |a 525  |2 23 
245 0 0 |a Japanese journal of astronomy and geophysics. 
260 |a Tokyo :  |b National Research Council of Japan,  |c 1922-. 
300 |a v. :  |b ill. ;  |c 26 cm. 
310 |a Semiannual 
362 0 |a Vol. 1 (1922)- 
500 |a Ceased publication. 
650 0 |a Astronomy  |v Periodicals. 
650 0 |a Geophysics  |z Japan  |v Periodicals. 
710 2 |a Gakujutsu Kenkyu-Kai. 
852 8 |b CARM  |h A2:AP16D0  |i D04570  |p 0191351  |j 1(1922)-6(1929)  |f SE 
852 8 |b CARM  |h A2:AP18D0  |i D04572  |p 0191352  |j 7(1929)-17:3(1939),18:2(1941)-18:3(1941)  |f SE 
866 0 |a 1(1922)-18:3(1941) Inc. 
999 f f |i db3b0867-9658-549d-bd23-f76266e12181  |s 87018f4d-ca19-5652-89f0-8a207cef447a 
952 f f |p Can circulate  |a CAVAL  |b CAVAL  |c CAVAL  |d CARM 1 Store  |e D04572  |f A2:AP18D0  |h Other scheme  |i book  |k 7(1929)-17:3(1939), 18:2(1941)-18:3(1941)  |m 0191352 
952 f f |p Can circulate  |a CAVAL  |b CAVAL  |c CAVAL  |d CARM 1 Store  |e D04570  |f A2:AP16D0  |h Other scheme  |i book  |k  1(1922)-6(1929)  |m 0191351